Teach Yourself Access 7 (Record no. 23884)

MARC details
000 -LEADER
fixed length control field 00322nam a22001457a 4500
003 - CONTROL NUMBER IDENTIFIER
control field OSt
005 - DATE AND TIME OF LATEST TRANSACTION
control field 20211224093400.0
008 - FIXED-LENGTH DATA ELEMENTS--GENERAL INFORMATION
fixed length control field 211224b |||||||| |||| 00| 0 eng d
020 ## - INTERNATIONAL STANDARD BOOK NUMBER
International Standard Book Number 0340697504
040 ## - CATALOGING SOURCE
Transcribing agency HU
082 ## - DEWEY DECIMAL CLASSIFICATION NUMBER
Classification number 004.6
100 ## - MAIN ENTRY--PERSONAL NAME
Personal name Stephen
9 (RLIN) 24809
245 ## - TITLE STATEMENT
Title Teach Yourself Access 7
942 ## - ADDED ENTRY ELEMENTS (KOHA)
Source of classification or shelving scheme Dewey Decimal Classification
Koha item type Books like text book referance book
Suppress in OPAC No
Holdings
Withdrawn status Lost status Source of classification or shelving scheme Damaged status Not for loan Home library Current library Shelving location Date acquired Total Checkouts Full call number Barcode Date last seen Copy number Price effective from Koha item type
    Dewey Decimal Classification     IoT Library IoT Library General Stacks 12/24/2021   004.6/STE1997 IOTL0001098 12/24/2021 1 12/24/2021 Books like text book referance book
    Dewey Decimal Classification     IoT Library IoT Library General Stacks 12/24/2021   004.6/STE1997 IOTL0001099 12/24/2021 2 12/24/2021 Books like text book referance book
    Dewey Decimal Classification     IoT Library IoT Library General Stacks 12/24/2021   004.6/STE1997 IOTL0001100 12/24/2021 3 12/24/2021 Books like text book referance book